000 00404nam a2200169Ia 4500
005 20250508152905.0
008 008 250505s9999 xx 000 0 hin d
037 _aTextual
040 _aFEDL
_beng
_cFEDL
041 _ahin
_2eng
084 _aFH, AGY
_qFEDL
100 _aAgya
245 0 _aYe tere prati rup
300 _a115p.
942 _cTEXL
_hFH, AGY
999 _c1339437
_d1339437